Power and Crisis: Plotting Paths to Justice and Peace /
While other eras have faced severe challenges, our crises-including nuclear war and climate catastrophe-involve unprecedented existential threats to human life. It can seem as if our rulers are unable or unwilling to picture an alternative to the status quo. For many, there is insufficient hope for...
مؤلفون آخرون:
التنسيق: كتاب الكتروني
اللغة: English
منشور في:
Leiden ; Boston :
Brill,
2026.
سلاسل:
Religious Studies, Theology and Philosophy E-Books Online, Collection 2026.
Value Inquiry Book Series ;
414.
الموضوعات:
الوصول للمادة أونلاين: Login to view Source
الوسوم: إضافة وسم
رقم الطلب: PZ7.S588
| LEADER | 03013nam a22004818i 4500 | ||
|---|---|---|---|
| 001 | BRILL9789004732742 | ||
| 003 | nllekb | ||
| 005 | 20260324115025.0 | ||
| 006 | m d | ||
| 007 | cr un uuuua | ||
| 008 | 250731s2026 gw sb 001 0 eng d | ||
| 020 | |a 9789004732742 |q (electronic book) | ||
| 020 | |z 9789004732490 |q (print) | ||
| 024 | 7 | |a 10.1163/9789004732742 |2 DOI | |
| 035 | |z (OCoLC)1519112612 | ||
| 040 | |a NL-LeKB |c NL-LeKB |e rda | ||
| 041 | |a eng | ||
| 050 | 4 | |a PZ7.S588 | |
| 072 | 7 | |a HPS |2 bicssc | |
| 072 | 7 | |a PHI |x 019000 |2 bisacsh | |
| 072 | 7 | |a SOC |x 000000 |2 bisacsh | |
| 082 | 0 | 4 | |a 100 |2 23 |
| 245 | 0 | 0 | |a Power and Crisis: Plotting Paths to Justice and Peace / |c edited by Will Barnes. |
| 264 | 1 | |a Leiden ; |a Boston : |b Brill, |c 2026. | |
| 264 | 4 | |c ©2026 | |
| 300 | |a 1 online resource (270 pages) : |b illustrations. | ||
| 336 | |a text |b txt |2 rdacontent | ||
| 337 | |a computer |b c |2 rdamedia | ||
| 338 | |a online resource |2 rdacarrier | ||
| 490 | 1 | |a Religious Studies, Theology and Philosophy E-Books Online, Collection 2026 | |
| 490 | 1 | |a Value Inquiry Book Series ; |v 414 | |
| 504 | |a Includes bibliographical references and index. | ||
| 520 | |a While other eras have faced severe challenges, our crises-including nuclear war and climate catastrophe-involve unprecedented existential threats to human life. It can seem as if our rulers are unable or unwilling to picture an alternative to the status quo. For many, there is insufficient hope for a good future, and scores of people, particularly the young, are gripped with fear and nihilism about their prospects. This volume brings together a diverse group of thinkers appealing to a diverse range of sources responding both to the crisis in power, and the crises we need power to address more skillfully, even if this requires rethinking the role of power itself. It is my hope as editor of this book that you will find resources for and examples of warm-hearted and hard-headed efforts at creating more just and peaceful forms of life. Taken as a whole, this volume is not intended to provide precisely what political project or theory is required to successfully address the crises in power and the crises power faces, it is more a collection of prompts to focus our efforts on realizing a better world for operating under the shared commitment of mutual respect, mutual critique, and the importance of clear critical thought in the pursuit of a sane, just, and stable future. | ||
| 546 | |a English | ||
| 588 | |a Description based on print version record. | ||
| 650 | 0 | |a Philosophy. | |
| 650 | 0 | |a Social & Political Philosophy. | |
| 700 | 1 | |a Barnes, Will, |e editor. | |
| 776 | 0 | 8 | |i Print version: |t Power and Crisis: Plotting Paths to Justice and Peace. |d Leiden ; Boston : Brill, 2026. |z 9789004732490 |
| 830 | 0 | |a Religious Studies, Theology and Philosophy E-Books Online, Collection 2026. | |
| 830 | 0 | |a Value Inquiry Book Series ; |v 414. | |
| 856 | 4 | |z DOI: |u http://dx.doi.org/10.1163/9789004732742 | |
| 999 | |c 61971 |d 61971 | ||
